El artículo científico en cirugía. (Registro nro. 3196)
[ vista simple ]
| 000 -LEADER | |
|---|---|
| fixed length control field | 01004nam a2200277 a 4500 |
| 005 - FECHA ULTIMA MODIFICACION | |
| control field | 20240830173445.0 |
| 008 - CAMPO DE CONTROL (LIBRO) | |
| fixed length control field | 100708t1992||||ag f |||| 001 0 spa d |
| 020 ## - INTERNATIONAL STANDARD BOOK NUMBER | |
| ISBN | 9505051321 |
| 041 ## - CODIGO DE IDIOMA | |
| Código de idioma del texto/pista de sonido o título separado | spa |
| 092 ## - SIGNATURA TOPOGRAFICA DEWEY LOCAL | |
| número de clasificación | 610.7 |
| libristica | 4 |
| sección | ARR |
| 100 1# - ENTRADA PRINCIPAL--NOMBRE PERSONAL | |
| Nombre personal | Arribalzaga, Eduardo B. |
| 9 (RLIN) | 2434 |
| 245 #1 - TITULO PROPIAMENTE DICHO | |
| Título | El artículo científico en cirugía. |
| Subtítulo y Título paralelo | Como escribirlo / |
| Mención de responsabilidad y remanente de la transcripción de la portada | Eduardo B. Arribalzaga |
| 250 ## - MENCION DE EDICION | |
| Mención de edición | 1a ed. |
| 260 ## - PIE DE IMPRENTA | |
| Lugar de publicación, distribución, etc | Buenos Aires: |
| Nombre de la editorial, distribuidor, etc | Libreros Lopéz Editores; |
| Fecha de publicación | 1992. |
| 300 ## - DESCRIPCION FISICA | |
| Extension | 80 p. |
| 500 ## - NOTA GENERAL | |
| Nota general | Arribalzaga, E. y Jacovella, P. (1992). El artículo científico en cirugía. Como escribirlo. (1a ed.). Buenos Aires : Libreros López Editores. |
| 653 ## - TÉRMINO INDIZADO - PALABRAS CLAVES | |
| Palabra clave | El artículo científico |
| 653 ## - TÉRMINO INDIZADO - PALABRAS CLAVES | |
| Palabra clave | Encabezamiento del artículo científico |
| 653 ## - TÉRMINO INDIZADO - PALABRAS CLAVES | |
| Palabra clave | Redacción del artículo científico |
| 653 ## - TÉRMINO INDIZADO - PALABRAS CLAVES | |
| Palabra clave | Otras informaciones |
| 653 ## - TÉRMINO INDIZADO - PALABRAS CLAVES | |
| Palabra clave | El borrador |
| 653 ## - TÉRMINO INDIZADO - PALABRAS CLAVES | |
| Palabra clave | Envío de la versión final |
| 653 ## - TÉRMINO INDIZADO - PALABRAS CLAVES | |
| Palabra clave | Ética del artículo científico |
| 700 1# - ENTRADAS SECUNDARIAS - NOMBRE PERSONAL | |
| Nombre personal | Jacovella, Patricio F. |
| 9 (RLIN) | 2435 |
| 942 ## - ADDED ENTRY ELEMENTS (KOHA) | |
| Source of classification or shelving scheme | Dewey Decimal Classification |
| Item type | Libros |
| Estado de retiro | Existencia | Fuente de clasificación | Estado general | No para prestamo | Ubicación permanente | ubicación actual | Sala de ubicación | Fecha de adquisición | Fuente de adquisición | Total Checkouts | Número de clasificación | Código de barras | Date last seen | Número de ejemplar | Price effective from | Koha tipo de elemento (item) | Public note | Coded location qualifier |
|---|---|---|---|---|---|---|---|---|---|---|---|---|---|---|---|---|---|---|
| Dewey Decimal Classification | Biblioteca Medicina | Biblioteca Medicina | Circulación | 27/08/2024 | Donación Horacio Verde, Agosto 2024 | 610.7 4 ARR | 4901 | 27/08/2024 | Ej.1 | Libros | Donación Horacio Verde, Agosto 2024 |